000 00900nam a2200265 a 4500
008
020 _a0865437467 (cased)
020 _a0865437475 (pbk.)
049 _aMAIN
090 0 0 _aHD4339
100 1 _aTangri, Roger K.
245 1 4 _aThe politics of patronage in Africa :
_bparastatals, privatization, and private enterprise /
_cRoger Tangri.
260 _aTrenton, NJ :
_bAfrica World Press,
_c1999.
300 _ax, 165 p. ;
_c22 cm.
504 _aIncludes bibliographical references.
500 _aIncludes index.
650 0 _aGovernment business enterprises
_zAfrica, Sub-Saharan.
650 0 _aPrivatization
_zAfrica, Sub-Saharan.
650 0 _aPrivatization
_xPolitical aspects
_zAfrica, Sub-Saharan.
907 _a.b10083303
_b19-07-03
_c17-07-03
003
005 20230123133342.0
040 _cNUST
942 _cBOOKS
_kHD4339
999 _c147093
_d147093